000 00652nmm a2200241 a 4500
003 AR-BaBNM
005 20251128211427.0
008 014020s2004 ||||||||||||||000 | spa||
020 _a987-20718-9-6
040 _cAR-BaBNM
100 1 _aCaffaro, Matías
245 1 0 _aDiálogos con Matías
_buna reflexión sobre los abuelos que cuidan a sus nietos
260 _aBuenos Aires
_bPórtico Azul Ediciones
_c2004
300 0 _a70 p.
_bil.
650 4 _aRELACIONES FAMILIARES
650 4 _aEDUCACION FAMILIAR
650 4 _aPARENTESCO
650 4 _aABUELOS
650 4 _aFAMILIA
700 1 _aCaffaro, Horacio
942 _cBK
998 _cmartin
999 _c19646
_d19646